000
00308nam a22000977a 4500
008
150622b xxu||||| |||| 00| 0 eng d
010
_8
HCCRSF:005
245
_a
HIGH COURT CRIMINAL SESSION NO.136 OF 1969 Uganda Vs Seyaza Matovu
260
_a
High Court Kampala
500
_3
BEFORE: Hon. Mr. Ag. Justice B.A. Oteng
999
_c
6543
_d
6543